000 00739nam a2200277 a 4500
001 22947
003 SK-KTurca
005 20260512150859.0
008 110607s1969 xo 000 0 slo d
035 _aa000444908
040 _aUKB
_bslo
_cUKB
_eAACR2
041 1 _aslo
_hfre
044 _axo
_cSK
100 1 _aColette, Sidonie Gabrielle
245 1 0 _aCitové zátišie ; Tá druhá ; Tuláčka
250 _a1. vyd.
260 _aBratislava
_bSlovenský spisovateľ
_c1969
300 _a420 s.
500 _aDokument obsahuje 3 diela
700 1 _aFilipová, Alžbeta
_4trl
700 1 _aŽabkay, Vladimír
_4trl
700 1 _aMillerová, Viera
_4trl
740 0 2 _aTá druhá
740 0 2 _aTuláčka
942 _2ddc
_cKLDO
_n0
999 _c22947
_d22947